គូលីកំនែន / (Record no. 3552)
[ view plain ]
| 000 -LEADER | |
|---|---|
| fixed length control field | 06935nam a22003017a 4500 |
| 001 - CONTROL NUMBER | |
| control field | 3552 |
| 003 - CONTROL NUMBER IDENTIFIER | |
| control field | FISKH |
| 005 - DATE AND TIME OF LATEST TRANSACTION | |
| control field | 20250530105633.0 |
| 008 - FIXED-LENGTH DATA ELEMENTS--GENERAL INFORMATION | |
| fixed length control field | 240320b cb ||||| |||| 00| 0 eng d |
| 040 ## - CATALOGING SOURCE | |
| Original cataloging agency | FISKH |
| Language of cataloging | khr |
| Transcribing agency | FISKH |
| Modifying agency | FISKH |
| 050 ## - LIBRARY OF CONGRESS CALL NUMBER | |
| Classification number | PZ7 |
| 082 ## - DEWEY DECIMAL CLASSIFICATION NUMBER | |
| Classification number | 895.932 |
| 100 ## - MAIN ENTRY--PERSONAL NAME | |
| Personal name | Thok, Oeum |
| 245 ## - TITLE STATEMENT | |
| Title | គូលីកំនែន / |
| Statement of responsibility, etc. | អ៊ឹម ថុក. |
| 260 ## - PUBLICATION, DISTRIBUTION, ETC. | |
| Place of publication, distribution, etc. | ភ្នំពេញ : |
| Name of publisher, distributor, etc. | គ្រឹះស្ថានបោះពុម្ពផ្សាយ និងចែកផ្សាយ នៃក្រសួងអប់រំ យុវជន និងកីឡា, |
| Date of publication, distribution, etc. | ២០០១. |
| 300 ## - PHYSICAL DESCRIPTION | |
| Extent | 58 pages : |
| Dimensions | 22 cm |
| 500 ## - GENERAL NOTE | |
| General note | អក្សរសិល្ប៍តាមកម្មវិធីសិក្សា |
| 520 ## - SUMMARY, ETC. | |
| Summary, etc. | ឆ្នាំ១៩៣៥ នៅភូមិគោកចំបក់ ស្រុកកណ្តាលស្ទឹង ខេត្តកណ្តាលមានការដកហូតងារមេឃុំកឹម រួចហើយលើកបន្តុបពូផាន់ជំនួសវិញ ព្រោះពូផាន់មានទ្រព្យសម្បត្តិច្រើន ពូកែទារពន្ធដារ និងចេះផ្គាប់ផ្គុនចៅហ្វាយនាយ។ ថ្ងៃអាទិត្យមេឃុំផាន់តែងនាំលោកចៅហ្វាយស្រុកទៅផឹកស៊ី រកស្រីញី ជាពិសេសជាមួយនាងខ្វែននៅភូមិដើមក្រសាំង។ ក្នុងពេលកេណ្ឌពលករឲ្យជប៉ុនម្តងៗ មេឃុំផាន់បានច្រើនទាំងប្រាក់ និងសគុណ។ ក្នុងរយៈពេលធ្វើការ៥ឆ្នាំ មេឃុំផាន់ទទួលបានមេដាយដល់ទៅពីរ។<br/><br/>លឹមជាកូនប្រុសរបស់តាង៉ែតយាយម៉ុកត្រូវមេឃុំផាន់កេណ្ឌឲ្យទៅធ្វើព្រលានយន្តហោះពោធិចិនតុង ទោះបីនៅសល់ជាងមួយខែទៀតត្រូវរៀបការក៏ដោយ។ លឹមជាអ្នកបួសរៀនខាងផ្លូវពុទ្ធសាសនា គេមានគំនិតជឿនលឿន មានជំនឿសមហេតុផលទៅលើទស្សនៈកម្មផល។ ការយល់ដឹងការងាររាក់ជ្រៅក្នុងសង្គម លឹមបានយឹមដែលជាឧបាសកខើចជើងនៅបាសាក់ព្រះត្រពាំងជួយណែនាំ។ ពេលទៅកំណែននៅពោធិចិនតុង មេឃុំផាន់ និងលោកចៅហ្វាយស្រុកមានឧបាយកលអាក្រក់ចង់បាននាងហេងដោយឲ្យយាយចាន់ធ្វើជាមេអណ្តើក។ ការនេះមិនបានសម្រេច មេឃុំផាន់ក៏ប្រើវិធីគំរាមកំហែងថានឹងឲ្យប៉ូលីសមកចាប់នាងហេង។ យល់ហេតុការណ៍មិនស្រួល ពូស្វាយមីងពតក៏នាំនាងហេងយកទៅលាក់ទុកនៅផ្ទះតាង៉ែត យាយម៉ុកក៏ដាច់ចិត្តបររទេះនាំអនាគតកូនប្រសារគេចទៅលក់អង្ករនៅភ្នំពេញ រង់ចាំថ្ងៃលឹមវិលមកវិញទើបរៀបការតែម្តង។<br/><br/>ជាគ្រោះកាច ពេលយន្តហោះអាមេរិចមកទម្លាក់គ្រាប់បែកលើមូលដ្ឋានទ័ពជប៉ុន ពិសេសត្រង់ចេតិយវត្តឧណ្ណលោម តាង៉ែតយាយម៉ុក និងនាងហេងក៏ត្រូវស្លាប់យ៉ាងអណោចអធមដោយគ្រាប់បែកនោះទៅ។ ពេលបញ្ចប់ការងារនៅឯពោធិចិនតុងហើយលឹមក៏វិលត្រឡប់មកភូមិកំណើតវិញ។ ពេលនោះលឹមត្រូវបាត់បង់នូវអ្វីៗទាំងអស់ ឪពុកម្តាយ គូសង្សារក៏ត្រូវស្លាប់ជាមួយនោះអុងប៉ាងថាវក៏រឹមអូសដីស្រែ ផ្ទះសំបែង ដើម្បីកាត់សងបំណុលខ្មោចឪពុក។ |
| 520 ## - SUMMARY, ETC. | |
| Summary, etc. | In 1935, in Kork Chambok village, Kandal Steung district, Kandal province, the position of Kem commune chief was revoked and Pu Phan was replaced instead, because Uncle Phan had a lot of wealth, was good at collecting taxes and knew how to please his boss. On Sundays, the commune chief Phan always brings the district chief to drink with women, especially with Kven in Doeum Krasaing village. During the mobilization of workers for Japan, the commune chief Phan got a lot of money and merit. During his five years in office, Phan won two medals.<br/>Lim, the son of Ta Nget Yeay Mok, was sent to Pochentong Airport by Phan Ken commune chief even though he had more than a month to get married. Lim is a Buddhist monk who has a progressive mind and a rational belief in the concept of karma. A deep understanding of the work in society, Lim Ban Yim, a layman at Bassac Preah Trapeang, guides. When they went to Pochentong, the commune chief Phan and the district chief had a bad plan to get Heng by making Yeay Chan the turtle master. This did not succeed, the commune chief Phan also used the method of threatening to have the police to arrest Heng. Understanding the uncomfortable situation, Uncle Svay Ming Pot took Heng and hid her at Ta Nget Yeay Mok's house. Tragically, when a US plane dropped a bomb on a Japanese military base, especially at the pagoda of Wat On Loam, Ta Nget, Yeay Mok and Heng, they were killed by the bomb. After finishing work in Pochentong, Lim returned to his hometown. At that time, Lim lost everything, his parents, his girlfriend also died, and Ong Pang Thao dragged his farmland and house to pay off his father's ghost debt.<br/> |
| 650 ## - SUBJECT ADDED ENTRY--TOPICAL TERM | |
| Topical term or geographic name entry element | កំណែទម្រង់ |
| 650 ## - SUBJECT ADDED ENTRY--TOPICAL TERM | |
| Topical term or geographic name entry element | កេងប្រវ័ញ្ច |
| 650 ## - SUBJECT ADDED ENTRY--TOPICAL TERM | |
| Topical term or geographic name entry element | ការព្រាត់ប្រាស់គ្នា |
| 650 ## - SUBJECT ADDED ENTRY--TOPICAL TERM | |
| Topical term or geographic name entry element | Reforms |
| 650 ## - SUBJECT ADDED ENTRY--TOPICAL TERM | |
| Topical term or geographic name entry element | Exploit |
| 650 ## - SUBJECT ADDED ENTRY--TOPICAL TERM | |
| Topical term or geographic name entry element | Deprivation |
| 942 ## - ADDED ENTRY ELEMENTS (KOHA) | |
| Source of classification or shelving scheme | Dewey Decimal Classification |
| Koha item type | Khmer Books |
| Suppress in OPAC | No |
| Withdrawn status | Lost status | Source of classification or shelving scheme | Damaged status | Not for loan | Collection | Home library | Current library | Shelving location | Date acquired | Total Checkouts | Full call number | Barcode | Date last seen | Copy number | Price effective from | Koha item type |
|---|---|---|---|---|---|---|---|---|---|---|---|---|---|---|---|---|
| Dewey Decimal Classification | Khmer Language Books / សៀវភៅភាសាខ្មែរ | Footprints International School Library Network Toul Kork Campus | Footprints International School Library Network Toul Kork Campus | TK Old Khmer Books (Rear Hallway Shelf 3) | 03/20/2024 | THO 895.932 PZ7 | FISTK03543 | 03/20/2024 | 1 | 03/20/2024 | Khmer Books | |||||
| Dewey Decimal Classification | Khmer Language Books / សៀវភៅភាសាខ្មែរ | Footprints International School Library Network Toul Tom Poung Campus | Footprints International School Library Network Toul Tom Poung Campus | TTP Secondary Khmer Bookshelves | 03/29/2025 | THO 895.932 PZ7 | FISSE01649 | 03/29/2025 | 2 | 03/29/2025 | Khmer Books | |||||
| Dewey Decimal Classification | Khmer Language Books / សៀវភៅភាសាខ្មែរ | Footprints International School Library Network Toul Tom Poung Campus | Footprints International School Library Network Toul Tom Poung Campus | TTP Primary Khmer Bookshelves | 03/29/2025 | THO 895.932 PZ7 | FISSE01736 | 03/29/2025 | 3 | 03/29/2025 | Khmer Books |
